01599cam a22003251a 4500001001300000003000400013005001700017008004100034010001700075035001900092040003300111042001200144050002400156070002200180100004900202245020400251260003300455300006100488440004900549500007100598500003300669501033300702504004801035650003801083650003401121650003901155700003801194700002401232999001701256gs 53000072 DLC20260227111359.0800918s1952 dcuabf b f000 0 eng  ags 53000072  a(OCoLC)6724719 aDLCcOkAdEdDNALdOCoLCdDLC apremarc00aTC801b.U2 no. 11380 a407bG29W no.11381 aGeorge, William O.q(William Owsley),d1892-10aGeology and ground-water resources of Comal County, Texas /cby William O. George ; with sections on Surface-water runoff, by Seth D. Breeding, Chemical character of the water, by Warren W. Hastings. aWashington :bG.P.O.,c1952. avi, 126 p., [3] leaves of plates :bill., maps ;c24 cm. 0aGeological Survey water-supply paper ;v1138 a"Prepared in cooperation with the Texas Board of Water Engineers." aThree folded maps in pocket. aWith: Kansas-Missouri floods of July 1951 / prepared by the Water Resources Division -- Geology and ground water resources of the Egbert-Pine Bluffs Carpenter Area Laramie County, Wyoming / by J. R. Rapp, D. A. Warner, and A. M. Morgan. Washington : Govt. Print. Off., 1952-1953. Bound together subsequent to publication.5DLC aIncludes bibliography (p. 72-73) and index. 0aGroundwaterzTexaszComal County. 0aGeologyzTexaszComal County. 0aWater-supplyzTexaszComal County.1 aBreeding, Seth D.q(Seth Darnaby)1 aHastings, Warren W. c28711d28711